000
00331nam a2200133Ia 4500
005
20251222155057.0
008
251222s9999||||xx |||||||||||||| ||spa||
082
_a
ING.09
100
_a
ESPAZA SIGLOS XXI.
245
0
_a
Diccionario Español - Inglés, Inglés - Españaol
250
_a
1ra. ed.
264
_b
Espasa
942
_c
LIB
999
_c
37534
_d
37534